000 00541fam a2200193 a 4500
020 _a071673706X
020 _a0716731363
040 _cDLC
082 0 0 _a571 FRE 2000 A060 Co.
245 0 0 _aMolecular cell biology /
250 _a4th ed.
260 _aNew York :
_bW.H. Freeman,
_c2000.
300 _axxxix, 1084, G-17, I-36 p. :
_bill. (some col.) ;
_c29 cm. +
_e1 computer optical disc (4 3/4 in.)
650 0 _aCytology.
650 0 _aMolecular biology.
700 1 _aLodish, Harvey F.
700 1 _aDarnell, James E.
942 _cEK
999 _c14458
_d14458